000 01036nam0a22002771 4500
001 RU\INFOCOMM_327\NLR\5000018119
005 20250613105131.0
035 _a(NLR Aleph) 009518986
090 _a8814773
_c8814773
100 _a20121217d1960 |||y0rusy50 ca
101 1 _aeng
102 _aRU
105 _ay z |||||
200 1 _aˆThe ‰old genie Hottabych
_eA story of make-believe
_f[Briefly transl. from the Russ. by Fainna Solasko
_gIll. by B. Markevich]
210 _aM.
_cForeign language publ. house
_d1960
215 _a312 с.
_cил.
_d23 см
300 _aНа доп. тит. л.: Лазарь Лагин. Старый джин Хоттабыч. Повесть-сказка
513 1 _aСтарый джин Хоттабыч
_eПовесть-сказка
_zrus
620 _aМосква
686 _aДл220(СССР)
_2rubbk
700 1 _aLagin
_bL. I.
_f1903-1979
_gLazar' Iosifovič
801 1 _aRU
_bInfocomm
_c20121217
801 0 _aRU
_bINFOCOMM
_gPSBO
852 _aNLR
_jДл01 Г-6/205
942 _cBOOK
980 _aNB